[Event "EICC 2017"]
[Site "Minsk"]
[Date "2017.06.10"]
[Round "11"]
[White "Macieja, Bartlomiej"]
[Black "Druska, Juraj"]
[Result "0-1"]
[WhiteElo "2530"]
[BlackElo "2430"]
[Annotator "TA"]
[PlyCount "108"]
[EventDate "2017.??.??"]
[EventCountry "BLR"]
[SourceTitle "playchess.com"]
[Source "ChessBase"]
[SourceQuality "1"]

{[%evp 19,108,22,23,18,23,23,21,29,25,29,26,19,21,4,35,23,38,45,62,50,62,44,66,63,66,72,85,74,68,47,57,52,58,54,51,-92,6,-211,-213,-206,-141,-143,-146,-228,-241,-369,-367,-366,-353,-401,-363,-483,-400,-465,-456,-456,-442,-578,-595,-565,-591,-571,-550,-681,-662,-802,-742,-946,-764,-772,-702,-962,-937,-1250,-1266,-1228,-1135,-1015,-955,-814,-744,-5860,-5618,-29950,-29956,-5842,-5764,-5435,-5181,-4742,-1748]} 1. e4 c5 2. Nf3 d6 3. d4 cxd4 4. Qxd4 a6 5. h3 Nc6 6. Qe3 {B53: Sicilian: 2...d6: Lines with Qxd4} g6 7. c4 Bg7 8. Nc3 {[%cal Bb1c3,Bc3d5,Bd5c7,Bc7b5][%mdl 32]} Nf6 9. Be2 O-O 10. O-O Nd7 {LiveBook: 77 Games} (10... Be6 11. Bd2 Nd7 12. Rfd1 Nde5 13. b3 Nxf3+ 14. Bxf3 {½-½ (61) Ponomariov,R (2709)-Kasimdzhanov,R (2691) Tashkent 2016}) 11. Rb1 a5 12. b3 Qb6 {[#] Hoping for ...Qxe3.} 13. Nd5 Qxe3 14. Bxe3 Nf6 $146 15. Nc7 Rb8 16. Nd2 Ne8 17. Nb5 $36 {[%mdl 2048] Black is under pressure.} f5 18. Rbc1 a4 19. bxa4 Nf6 20. c5 f4 21. Bxf4 Nxe4 $1 22. Bc4+ Kh8 23. Nxe4 Rxf4 24. f3 dxc5 25. Nxc5 Bh6 26. Nd3 Rh4 27. Rc2 (27. f4 $14) 27... Nd4 (27... Bf5 $17 28. g4 Bxd3 29. Bxd3 Nb4) 28. g3 $2 (28. Nxd4 $11 Rxd4 29. g4) 28... Nxc2 $19 29. gxh4 Bxh3 30. Rb1 Bf5 {[#] aiming for ...Ne3.} 31. Ne5 (31. Ne1 $17) 31... Bf4 32. Nf7+ (32. Nd3 {is a better defense.} Be3+ 33. Kh1) 32... Kg7 33. Ng5 Ne3 34. Ne6+ Kf6 35. Rb4 Nc2 (35... Bxe6 36. Bxe6 Bg3 37. Re4 $17) 36. Rb2 Be5 ({Weaker is} 36... Bxe6 37. Bxe6 Kxe6 38. Rxc2 $17) 37. Rxc2 Bxc2 38. Nc5 Rc8 39. Nd7+ Kf5 40. Nb6 Rd8 41. Bd5 Kf4 42. Bxb7 Rb8 43. Kg2 Bxa4 44. Nd5+ Kf5 45. Nxe7+ Ke6 46. Nc6 Rxb7 47. Nd8+ Kd5 48. Nxb7 Bxb5 49. Na5 Bd3 50. Kf2 Bb1 51. Nb3 Bxa2 52. Nd2 Bf4 {Black is clearly winning.} 53. Ne4 Ke5 54. Nc5 Bc4 {Precision: White = 40%, Black = 70%.} 0-1

[Event "EICC 2017"]
[Site "Minsk"]
[Date "2017.06.10"]
[Round "11"]
[White "Djukic, Nikola"]
[Black "Elistratov, Semen"]
[Result "1/2-1/2"]
[WhiteElo "2526"]
[BlackElo "2417"]
[Annotator "TA"]
[PlyCount "133"]
[EventDate "2017.??.??"]
[EventCountry "BLR"]
[SourceTitle "playchess.com"]
[Source "ChessBase"]
[SourceQuality "1"]

{[%evp 19,133,30,34,22,55,36,31,30,39,39,21,31,86,93,105,37,33,0,-2,-11,-11,-11,-11,-11,-11,-11,-11,-18,-11,-11,-11,-80,-77,-72,-72,-71,-71,-71,-71,-82,-82,-151,-149,-172,-173,-185,-157,-179,-63,-172,0,0,0,-189,-196,-202,-109,-106,-110,-99,-93,-159,-72,-164,-155,-164,-172,-179,-174,-159,-164,-145,-134,-134,-159,-140,-22,-81,0,0,0,0,21,23,17,17,68,9,66,7,14,0,8,8,8,8,93,40,44,52,40,8,8,8,8,8,8,0,0,0,0,0,0,0,0,0]} 1. e4 c5 2. Nf3 d6 3. d4 cxd4 4. Nxd4 Nf6 5. Nc3 a6 6. g3 g6 7. Bg2 Bg7 8. O-O O-O 9. h3 Bd7 10. Be3 Nc6 11. Nde2 {B91: Sicilian Najdorf: 6 g3} (11. Nd5 Rc8 12. Nxc6 bxc6 13. Bb6 Qe8 14. Nc7 Qd8 15. Nd5 Qe8 16. Nc7 Qd8 17. Nd5 Qe8 {½-½ (17) Motylev,A (2665)-Grischuk,A (2750) Sochi 2017}) 11... Qc8 12. Kh2 (12. Na4 $5 {[%cal Ra4b6]}) 12... Ne5 13. Bg5 $146 {White is slightly better.} ({Predecessor:} 13. Bd4 e6 14. f4 Nc4 15. b3 e5 16. Bg1 Na3 17. Qxd6 Nb5 18. Nxb5 Bxb5 {1-0 (35) Kosteniuk,A (2549)-Gallagher,J (2447) Flims 2016}) 13... Bc6 14. Nd5 Nxd5 15. exd5 Bd7 (15... Bb5 $1 $14) 16. b3 $16 ({Weaker is} 16. Bxe7 Re8 $15) 16... Re8 17. Be3 (17. Rc1 $16) 17... Bg4 $14 18. hxg4 (18. Rc1 {seems wilder.} Bf3 19. c4 Bxg2 20. Kxg2 b5 21. f4) 18... Nxg4+ 19. Kg1 Nxe3 20. fxe3 Bxa1 21. Qxa1 Qxc2 22. Nd4 Qd2 23. Qe1 Qxe1 24. Rxe1 Rac8 25. Bh3 (25. Kf2 $11) 25... Rc5 $17 26. e4 h5 27. Kf2 Kg7 28. Re2 Rh8 29. Nf3 Rc3 30. e5 (30. Rd2 $142) 30... dxe5 31. Rxe5 Rc2+ $1 32. Ke3 Kf6 ({Stronger than} 32... Rxa2 33. Rxe7 Kf6 34. Rxb7 $16) 33. Re4 Rxa2 (33... g5 $19 34. Ne5 h4 35. Ng4+ Kg7) 34. Ne5 (34. Rf4+ $15 Kg7 35. Re4) 34... Ra3 $2 (34... Rb2 $1 $19 {[%cal Rb2b3]} 35. Nd7+ Kg5) 35. Kd4 $1 $11 Kg7 ({Wrong is} 35... Rxb3 $2 36. Rf4+ Kg7 37. Rxf7+ Kh6 38. Rxe7 $18) 36. Re3 $2 (36. Nc4 $1 $11 {and White stays safe.} Rxb3 37. Rxe7) 36... Ra1 37. Nd3 Rh1 (37... h4 $19 38. g4 Rh1) 38. Bd7 $17 h4 39. gxh4 R8xh4+ 40. Kc5 (40. Kc3 $142) 40... Kf8 (40... Rd1 $142 41. Kb6 g5 42. Kxb7 Rd4) 41. Kb6 (41. Ne5 $17 {was the only defense.} g5 42. Kb6) 41... Rb1 $19 42. Nc5 Rb4+ $1 43. Ka5 Rd4 44. Bc6 bxc6 45. dxc6 $17 {[%mdl 4096] Endgame KRR-KRN} Rc1 46. Re5 Rd6 $1 {[%cal Rd6c6]} 47. Kb6 {[#]} f6 (47... a5 $1 $17 48. Kb5 (48. Kxa5 Rxc6) 48... Rd8) 48. Re4 {[#]} (48. Re2 $11 {remains equal.}) 48... a5 (48... Kf7 $1 $17 49. b4 f5) 49. Ra4 g5 {Threatens to win with ...Kf7.} 50. Rxa5 g4 (50... Ke8 {with more complications.} 51. b4 Rb1 52. b5 Rc1 53. Nb7 Rd5) 51. Kb7 {[#]} Rxc6 $1 {[%mdl 512]} 52. Kxc6 $11 {aiming for b4. KRN-KR} Kf7 (52... f5 $11) 53. Ra2 ({White should play} 53. b4 $1 $14 g3 54. Ra2) 53... f5 (53... Rb1 $1 $11) 54. Kd5 (54. b4 $1 $14 f4 55. b5) 54... Kf6 55. b4 Rd1+ 56. Kc6 {Black must now prevent b5.} Rb1 57. b5 f4 {[#]} (57... g3 $1 $11) 58. b6 ({White should try} 58. Ra8 $1 $16 {Strongly threatening b6.} f3 59. Rg8) 58... g3 $1 $14 59. b7 Kf5 60. Ra5 {Nb3+ would kill now.} Rxb7 $1 {The position is equal.} 61. Nxb7+ Kg4 {Hoping for ...g2.} 62. Nc5 f3 {...f2 is the strong threat.} 63. Nd3 {And now Ra8 would win.} f2 64. Ra1 Kf3 65. Kd5 g2 66. Nxf2 Kxf2 67. Ke6 {Precision: White = 38%, Black = 34%.} 1/2-1/2

[Event "EICC 2017"]
[Site "Minsk"]
[Date "2017.06.10"]
[Round "11"]
[White "Gorovets, Andrey"]
[Black "Grib, Roman"]
[Result "1/2-1/2"]
[WhiteElo "2524"]
[BlackElo "2415"]
[Annotator "TA"]
[PlyCount "98"]
[EventDate "2017.??.??"]
[EventCountry "BLR"]
[SourceTitle "playchess.com"]
[Source "ChessBase"]
[SourceQuality "1"]

{[%evp 14,98,34,21,87,28,116,108,111,124,110,111,122,78,87,59,103,92,108,73,117,118,114,25,70,39,76,70,77,71,78,73,71,51,51,10,10,14,58,50,46,0,0,0,0,2,16,6,25,23,39,32,33,40,26,0,0,0,0,0,8,0,0,0,7,4,57,0,0,0,0,0,0,0,0,0,0,0,0,0,0,0,0,0,0,0,0]} 1. c4 Nf6 2. Nc3 d5 3. cxd5 Nxd5 4. g3 g6 5. Bg2 Nb6 6. d3 Bg7 7. Be3 O-O 8. Qd2 e5 {A16: English Opening: 1...Nf6 with ...d5} (8... c6 $11) 9. Bh6 (9. h4 $16) 9... Re8 {[#]} (9... Bxh6 $11 {keeps the balance.} 10. Qxh6 f6) 10. h4 $1 $16 {[%cal Bh2h4,Bh4h5,Bh5h6][%mdl 32]} f6 {White is better.} 11. Bxg7 Kxg7 12. h5 {Strongly threatening hxg6.} g5 13. h6+ Kh8 14. O-O-O Nc6 $146 ({Predecessor:} 14... Rg8 15. Qe3 Nc6 16. Bxc6 bxc6 {0-1 (41) Rausis,I (2575)-Porth,D (2255) Baden-Baden 1993}) 15. f4 g4 16. fxe5 fxe5 17. Bxc6 bxc6 18. e4 (18. Rh5 $16) 18... Be6 19. Nge2 Rb8 20. Rh5 Qf6 21. Qg5 Qxg5+ 22. Rxg5 Nd7 23. d4 Rg8 24. Rh5 Bf7 $1 {[%cal Rf7h5]} 25. Rhh1 c5 26. Rhf1 Bc4 27. dxc5 Nxc5 28. b3 $1 {[%cal Rb3c4]} Bxe2 29. Nxe2 Nxe4 30. Rd5 Rbe8 31. Rf5 Nd6 32. Rfxe5 Nf7 33. Rxe8 Rxe8 $14 {[%mdl 4096] Endgame KRN-KRN} 34. Rd7 Nxh6 35. Kd2 Nf5 36. Rxc7 Rd8+ 37. Kc3 Re8 38. Kd2 Rd8+ 39. Ke1 Rd3 ({Better is} 39... Re8 $11 40. Kf2 a6) 40. Rxa7 (40. Nf4 $1 $14 Re3+ 41. Kd2) 40... Nxg3 $11 {The position is equal.} 41. Nxg3 Rxg3 $14 {KR-KR} 42. Kf2 Rf3+ 43. Kg2 h5 44. Ra5 Rh3 45. b4 Kg7 46. b5 {[#] Hoping for b6.} Rc3 47. b6 {Rb5 is the strong threat.} Rc2+ 48. Kg3 Rb2 49. Rxh5 Rxb6 {Precision: White = 61%, Black = 48%.} 1/2-1/2

[Event "EICC 2017"]
[Site "Minsk"]
[Date "2017.06.10"]
[Round "11"]
[White "Harutyunian, Tigran K"]
[Black "Maliush, Andrei"]
[Result "0-1"]
[WhiteElo "2523"]
[BlackElo "2286"]
[Annotator "TA"]
[PlyCount "112"]
[EventDate "2017.??.??"]
[EventCountry "BLR"]
[SourceTitle "playchess.com"]
[Source "ChessBase"]
[SourceQuality "1"]

{[%evp 12,112,20,-19,0,0,1,0,0,0,19,7,60,32,34,33,49,23,31,22,81,39,78,76,67,70,72,65,69,70,180,-379,-413,-489,-432,-29994,-29995,-29995,-29993,-29993,-264,-453,-445,-985,-960,-934,-892,-969,-962,-972,-459,-452,-436,-438,-440,-445,-444,-441,-427,-440,-435,-461,-461,-417,-427,-416,-398,-444,-425,-418,-393,-451,-446,-558,-558,-558,-558,-556,-553,-592,-547,-577,-490,-745,-759,-735,-644,-813,-772,-883,-876,-868,-802,-849,-861,-785,-785,-29981,-29982,-29979,-29980,-29987,-29980]} 1. Nf3 Nf6 2. c4 c6 3. g3 g6 4. Bg2 Bg7 5. Qa4 (5. O-O d5 6. b3 Ne4 7. d4 O-O 8. Bb2 a5 9. Nc3 Bf5 10. e3 Nxc3 11. Bxc3 Be4 12. Qe2 e6 13. Rfd1 Nd7 14. Bf1 g5 15. Rac1 Bxf3 16. Qxf3 f5 17. Bd3 Nf6 18. cxd5 cxd5 {½-½ (29) Jakovenko,D (2709)-Ding,L (2760) Sharjah 2017}) 5... O-O 6. O-O {A15: English Opening: 1...Nf6} d5 7. d3 {LiveBook: 4 Games} Nbd7 8. cxd5 {The position is equal.} Nxd5 9. Nbd2 N7b6 $146 ({Predecessor:} 9... a5 10. Ne4 N7f6 11. Nxf6+ exf6 12. Bd2 Re8 13. Rfe1 {0-1 (42) Hickl,J (2628)-Huebner,R (2609) Switzerland 2014}) 10. Qc2 h6 (10... Nb4 $5 {[%cal Rb4c2]} 11. Qb1 N4d5 $11) 11. a3 Bd7 (11... Nc7 $11) 12. Ne4 Qc8 13. Nc5 Bg4 14. Bd2 Nd7 15. Nb3 N7f6 (15... e5 $11 {keeps the balance.}) 16. Na5 Bh3 17. Bxh3 Qxh3 18. Nxb7 Rab8 19. Na5 {aiming for e4.} (19. Qxc6 Rfc8 $17) 19... Ng4 20. Rab1 Nc7 (20... Rfc8 $14) 21. Nc4 $4 {[%mdl 8192]} ({Not} 21. Qxc6 Ne6 $15) (21. Nxc6 $18 {is the narrow road to win.} Ne6 22. Qa4 (22. Nxb8 {leads to mate.} Nd4 23. Rfe1 Nxf3+ 24. exf3 Qxh2+ 25. Kf1 Qxf2#) (22. Nxe7+ Kh7 $11)) 21... Ne6 $19 {( -> ...Nd4)} 22. Bc3 Rb5 {Hoping for ...Rh5.} 23. Bxg7 {[#]} (23. Rfe1 $19 Rh5 24. e4) 23... Rh5 24. Ne3 Nxh2 25. Nh4 Nxf1 $2 (25... Nf4 {mates} 26. Be5 Ng4 27. Nxg4 Rxh4 28. Nf6+ exf6 29. gxh4 Qg2#) 26. Rxf1 $2 (26. Nxf1 {was the only chance.} Nf4 27. gxf4 Rxh4 28. Qxc6 Kxg7 29. Qg2) 26... Kxg7 27. Qxc6 (27. Qc3+ $142 Kg8 28. Neg2) 27... Nd4 {[%cal Rd4e2]} 28. Qc3 e5 {[%cal Rd4e2]} 29. Re1 g5 30. Nef5+ Nxf5 (30... Kh7 $142 31. Nxd4 gxh4) 31. Qxe5+ Kg8 32. Qxf5 Rxh4 $1 {[%csl Gh4][%cal Rh3h1]} 33. Qxh3 Rxh3 34. Rc1 g4 35. Rc5 Kg7 36. Kg2 Kg6 37. Rc4 Rh5 38. Rxg4+ Rg5 39. Rc4 a5 40. b4 axb4 41. axb4 Rb8 42. f4 Rgb5 43. Rc6+ Kg7 44. Kf3 Rxb4 45. Rd6 R8b6 46. Rd7 Rb1 47. e4 (47. Re7 $142) 47... Rb7 48. Rd5 Rf1+ 49. Kg4 Rb6 50. f5 Rb2 51. Rd8 Rbf2 52. d4 Re2 53. Re8 Rg2 54. e5 {[#]} h5+ $1 {Black mates.} 55. Kh3 (55. Kxh5 Rxg3) 55... Rd2 {[%cal Rf1h1]} 56. Kh4 Rxf5 {Precision: White = 30%, Black = 59%.} 0-1

[Event "EICC 2017"]
[Site "Minsk"]
[Date "2017.06.10"]
[Round "11"]
[White "Kveinys, Aloyzas"]
[Black "Polivanov, Anatoliy"]
[Result "1-0"]
[WhiteElo "2520"]
[BlackElo "2401"]
[Annotator "TA"]
[PlyCount "55"]
[EventDate "2017.??.??"]
[EventCountry "BLR"]
[SourceTitle "playchess.com"]
[Source "ChessBase"]
[SourceQuality "1"]

{[%evp 17,55,25,29,32,38,35,50,21,33,27,22,23,38,54,51,0,-1,-8,68,60,60,34,145,137,249,244,427,435,437,418,652,651,962,961,972,962,948,953,1070,1053]} 1. d4 d5 2. Nf3 Nf6 3. c4 dxc4 4. e3 a6 5. Bxc4 b5 6. Bd3 e6 7. a4 b4 8. O-O c5 9. Qe2 Bb7 10. Nbd2 {D28: Queen's Gambit Accepted: Classical main line: 7 Qe2 with early ...Nc6} Nbd7 (10... Nc6 11. dxc5 Bxc5 12. Rd1 O-O 13. Nb3 Bd6 14. e4 Qc7 15. Bg5 Ng4 16. h3 Nge5 {1-0 (28) Ragger,M (2698)-Guliyev,N (2579) Berlin 2015}) 11. a5 Be7 12. Nc4 {White is slightly better.} O-O 13. Rd1 Qc7 14. Bd2 Be4 15. Bxe4 Nxe4 16. Rdc1 $146 ({White should try} 16. dxc5 $14 Bxc5 17. Be1) ({Predecessor:} 16. Nfe5 Nef6 17. Be1 cxd4 18. Nxd7 Nxd7 19. exd4 {½-½ (28) Thejkumar,M (2437)-Ganguly,S (2595) Goa 2015}) 16... Qb7 $11 17. Nfe5 {[%cal Bf3e5,Be5c6,Bc6e7][%mdl 32] With the idea Nxd7.} Ndf6 (17... cxd4 $11 18. exd4 Nxe5 19. dxe5 Nxd2 20. Qxd2 Rad8) 18. Be1 $14 cxd4 19. Nb6 Rae8 (19... dxe3 $14 20. f3 Nd6) 20. exd4 $16 {[%cal Be3d4,Bd4e5,Be5d6][%mdl 32]} b3 (20... Nd6 $16 {was called for.}) 21. Nc6 $18 e5 $2 {[#]} (21... Nd6 22. Nxe7+ Rxe7) 22. f3 Ng5 {[%cal Be4g5,Bg5e6,Be6d4,Bd4c2][%mdl 32]} 23. dxe5 Bd6 (23... Nd7 $142 24. Nxd7 Qxd7 25. Qxa6 Ne6) 24. h4 {White is clearly winning.} Ne6 {If Black can now play ...Bc5+ this consolidates a bit.} 25. exd6 Nd4 26. Ne7+ Kh8 27. Qd3 Nc2 28. Ra4 {Precision: White = 62%, Black = 28%.} 1-0

[Event "EICC 2017"]
[Site "Minsk"]
[Date "2017.06.10"]
[Round "11"]
[White "Dastan, Muhammed Batuhan"]
[Black "Oparin, Grigoriy"]
[Result "0-1"]
[WhiteElo "2519"]
[BlackElo "2604"]
[Annotator "TA"]
[PlyCount "96"]
[EventDate "2017.??.??"]
[EventCountry "BLR"]
[SourceTitle "playchess.com"]
[Source "ChessBase"]
[SourceQuality "1"]

{[%evp 11,96,0,13,-18,-12,-12,-7,-12,-12,-20,9,10,16,19,34,10,36,33,37,25,27,10,21,11,79,92,105,2,2,2,2,2,2,2,2,3,3,6,4,8,37,4,4,4,3,0,0,0,0,-4,-3,-3,-2,-4,-17,-3,-5,-13,-59,-357,-354,-390,-381,-388,-374,-359,-329,-393,-393,-447,-444,-539,-535,-533,-520,-524,-515,-469,-458,-583,-576,-694,-681,-643,-642,-642,-597]} 1. Nf3 Nf6 2. g3 b6 3. Bg2 Bb7 4. O-O e6 5. d3 d5 6. c4 Be7 7. Qc2 {A15: English Opening: 1...Nf6} (7. cxd5 Bxd5 8. Nc3 Bb7 9. b4 O-O 10. Rb1 Nbd7 11. b5 c5 12. a4 Nd5 13. Nxd5 Bxd5 14. Bf4 a6 {½-½ (96) Sasikiran,K (2674)-Rozum,I (2601) Moscow 2017}) 7... O-O 8. cxd5 Nxd5 $146 ({Predecessor:} 8... exd5 9. Nh4 Re8 10. Nf5 Bf8 11. Bg5 h6 12. Bf4 c5 13. Nc3 Qd7 14. d4 {0-1 (30) Steinbach,P (2029)-Schroeder,J (2221) Schwaebisch Gmuend 2012}) 9. a3 {The position is equal.} c5 10. d4 Nd7 11. e4 $1 {[%cal Re4d5]} N5f6 12. Nc3 Rc8 13. Rd1 cxd4 14. Nxd4 Bc5 15. Qe2 Qe7 16. Be3 Ne5 17. b4 Bd6 (17... Bxd4 $1 $11 18. Bxd4 Nc6) 18. Rac1 $16 Bb8 19. Bg5 (19. f4 $16) 19... h6 $1 $11 {[%cal Rh6g5]} 20. Bxf6 Qxf6 21. f4 Rfd8 $1 22. Nb3 $1 Rxd1+ 23. Nxd1 Rxc1 24. Nxc1 Nc6 25. e5 Qe7 26. Qc4 Qd7 27. Qd3 Qc8 28. Ne2 a6 29. Ndc3 {[%cal Bd1c3,Bc3e4,Be4d6][%mdl 32]} b5 30. Ne4 Ba7+ 31. Kf1 Ne7 32. Nd6 Bxg2+ 33. Kxg2 Qc6+ 34. Kh3 Nd5 35. f5 $2 {[%mdl 8192]} (35. Ne4 $15) 35... Ne3 $19 {[#] ( -> ...Qg2+)} 36. Nf4 Qf3 {[%csl Ge3][%cal Rf3g4]} 37. Qe2 Qxe2 38. Nxe2 exf5 {[%mdl 4096] Endgame KBN-KNN} ({Less strong is} 38... Nxf5 39. Nxf5 exf5 40. Nc1 $17) 39. Nc8 Bb8 40. Ne7+ Kh7 {Black is clearly winning.} 41. Nd4 Bxe5 42. Ndxf5 Nxf5 43. Nxf5 {KB-KN} Bb2 44. Ne3 Bxa3 45. Nd5 h5 46. g4 Kh6 47. Kg3 Bb2 48. Kf4 f6 {Precision: White = 48%, Black = 73%.} 0-1

[Event "EICC 2017"]
[Site "Minsk"]
[Date "2017.06.10"]
[Round "11"]
[White "Sanikidze, Tornike"]
[Black "Davtyan, Artur"]
[Result "1-0"]
[WhiteElo "2518"]
[BlackElo "2216"]
[Annotator "TA"]
[PlyCount "83"]
[EventDate "2017.??.??"]
[EventCountry "BLR"]
[SourceTitle "playchess.com"]
[Source "ChessBase"]
[SourceQuality "1"]

{[%evp 18,83,9,0,35,31,73,66,66,54,93,74,69,59,85,85,176,170,179,125,115,117,129,136,127,94,105,97,105,104,102,106,106,99,114,92,111,126,136,122,131,133,167,166,172,152,152,156,166,155,169,93,201,213,191,169,253,207,268,308,526,497,814,811,770,756,824,815]} 1. d4 d5 2. c4 e6 3. Nf3 Nf6 4. Nc3 Be7 5. Bg5 h6 6. Bxf6 Bxf6 7. e3 O-O 8. Qd2 c6 9. O-O-O Nd7 10. h4 e5 $146 {D55: Queen's Gambit Declined: 4 Bg5 Be7: Lines without ...h6 and 6...h6 7 Bxf6} ({Predecessor:} 10... g6 11. e4 dxe4 12. Nxe4 Bg7 13. Bd3 Qc7 14. h5 g5 15. Bc2 g4 16. Nh4 Rd8 17. Qe3 Nb6 18. Bb3 {0-1 (42) Eliet,N (2435)-Goloshchapov,A (2579) Belgium 2009}) 11. cxd5 exd4 12. Nxd4 Ne5 {White is slightly better.} 13. dxc6 $1 bxc6 14. Qc2 Qe7 15. Qe4 Rb8 16. f4 Qb4 (16... Ng4 $16) 17. Rd2 $18 Ng4 {[#]} 18. Nxc6 ({White should try} 18. Bd3 $1 $18 {[%csl Gd3][%cal Re4h7]} g6 19. Nxc6 Qxe4 20. Nxe4) 18... Qxe4 $16 19. Nxe4 Rb6 20. Nxf6+ ({Resist} 20. Nxa7 Bf5 $14) 20... gxf6 21. Ne7+ Kh8 22. Nxc8 Rxc8+ 23. Kb1 Nxe3 24. Be2 f5 25. Rg1 Kg7 26. g3 Rbc6 27. Rd3 Nc4 28. Rd7 Nxb2 {[#]} 29. Bh5 $1 ({But not} 29. Kxb2 $6 Rc2+ 30. Kb1 Rxe2 $11) 29... Na4 30. Rxf7+ Kh8 31. Rxa7 ({Don't take} 31. Rxf5 Nc3+ 32. Ka1 Ra6 $14) 31... Nc3+ 32. Ka1 Rb6 {Hoping for ...Rcb8.} 33. Ra3 Ne4 34. Bf3 (34. Be2 $18) 34... Nd2 (34... Nxg3 $16 {was called for.} 35. Ra5 Ne4) 35. Ra8 $18 Rxa8 36. Bxa8 {[%mdl 4096] Endgame KRB-KRN} Nc4 (36... Kg7 {might work better.} 37. Rc1 Rb4 38. Rc7+ Kg6) 37. Bd5 Ne3 {[%cal Re3c2]} 38. Bb3 Rd6 $2 (38... Kg7 {was worth a try.} 39. Kb2 Nc4+ 40. Kc3 Nd6) 39. Kb2 {White is clearly winning.} Rd3 (39... Rb6 $142 40. Kc3 Ng4) 40. a4 {[%cal Ba2a4,Ba4a5,Ba5a6][%mdl 32]} Kg7 41. a5 Rd8 42. a6 {Precision: White = 74%, Black = 37%.} 1-0

[Event "EICC 2017"]
[Site "Minsk"]
[Date "2017.06.10"]
[Round "11"]
[White "Martirosyan, Haik M"]
[Black "Salgado Lopez, Ivan"]
[Result "1-0"]
[WhiteElo "2516"]
[BlackElo "2627"]
[Annotator "TA"]
[PlyCount "75"]
[EventDate "2017.??.??"]
[EventCountry "BLR"]
[SourceTitle "playchess.com"]
[Source "ChessBase"]
[SourceQuality "1"]

{[%evp 20,75,6,-16,-6,0,35,45,43,37,58,50,77,77,77,77,77,77,77,84,89,89,100,100,106,108,116,99,108,99,133,107,178,191,183,192,189,185,160,134,193,195,357,356,390,386,422,450,446,448,452,449,447,446,616,582,29992,29993]} 1. Nf3 c5 2. c4 Nc6 3. Nc3 g6 4. e3 Nf6 5. d4 cxd4 6. exd4 d5 7. cxd5 Nxd5 8. Bc4 Nb6 9. Bb3 Bg7 10. O-O O-O 11. Be3 (11. d5 $5 {[%cal Rd5c6]} Na5 12. Re1 $11) 11... Bg4 {D94: Grünfeld: 4 Nf3 Bg7 5 e3} 12. h3 Bf5 (12... Bxf3 $5 13. Qxf3 Qd7 $11) 13. d5 Na5 {White is slightly better.} 14. Bd4 Nxb3 15. axb3 f6 $146 ({Predecessor:} 15... Bxd4 16. Qxd4 Qd6 17. Rfe1 Rfd8 18. Qh4 Nxd5 19. Nxd5 Qxd5 {1-0 (29) Potapov,A (2483)-Khamrakulov,I (2359) Nikea 2000}) 16. Bc5 Re8 17. Re1 e5 {[#]} 18. dxe6 $1 {Nd4 is the strong threat.} Qxd1 19. Nxd1 Nd5 {[%cal Bb6d5,Bd5f4,Bf4d3][%mdl 32]} 20. Nd4 Nf4 21. Nxf5 (21. Rxa7 Nd3 $17) 21... gxf5 22. Bxa7 ({Weaker is} 22. Rxa7 Nd3 $17) 22... Nd3 23. Re3 Ne5 24. Nc3 f4 25. Re4 f5 (25... Rxe6 $16 26. Rxf4 Nc6) 26. Rxf4 $18 Rxe6 27. Rxf5 Nc6 28. Nb5 Re2 29. Rd1 Rxb2 (29... Nxa7 $16 {might work better.} 30. Nxa7 Rf8 31. Rxf8+ Bxf8) 30. Rd7 Be5 $2 (30... Rf8 31. Rxf8+ (31. Rg5 Rf7 $16) 31... Bxf8) 31. f4 {[%cal Bf2f4,Bf4e5][%mdl 32]} Rxb3 32. Rg5+ ({Not} 32. fxe5 Rxb5 33. Rg5+ Kf8 $18) 32... Kh8 33. fxe5 {Threatens to win with e6.} Rxb5 34. Be3 {Strongly threatening Rgg7.} Rd8 35. Rf7 Rg8 36. Rgf5 Re8 37. Bh6 {Intending Rf8+ and mate.} Ne7 {[#]} 38. Rxe7 $1 {[%mdl 512] Precision: White = 97%, Black = 40%.} 1-0

[Event "EICC 2017"]
[Site "Minsk"]
[Date "2017.06.10"]
[Round "11"]
[White "Martirosyan, Haik M"]
[Black "Salgado Lopez, Ivan"]
[Result "*"]
[WhiteElo "2516"]
[BlackElo "2627"]
[Annotator "TA"]
[PlyCount "38"]
[EventDate "2017.??.??"]
[EventCountry "BLR"]
[SourceTitle "playchess.com"]
[Source "ChessBase"]
[SourceQuality "1"]

{[%evp 19,20,0,0]} 1. Nf3 c5 2. c4 Nc6 3. Nc3 g6 4. e3 Nf6 5. d4 cxd4 6. exd4 d5 7. cxd5 Nxd5 8. Bc4 Nb6 9. Bb3 Bg7 10. O-O O-O {Predecessor:} 11. d5 $146 Na5 12. h3 Bxc3 13. bxc3 Nxb3 14. axb3 Qxd5 15. Bd2 Bf5 16. Re1 Be4 17. Ng5 Bxg2 18. c4 Qc6 19. Qg4 h6 {1-0 (34) Hammer,J (2651)-Navara,D (2742) Novy Bor 2016} *